| 000 | 00556nam a2200181 i 4500 | ||
|---|---|---|---|
| 001 | 123030 | ||
| 003 | ES-MaACL | ||
| 005 | 20230906192110.0 | ||
| 007 | t| | ||
| 008 | 180221s1987 sp r ||||0| spa d | ||
| 080 | _a821.134.2-14"19" | ||
| 100 | 0 |
_aMajada Neila, José Luis. _975641 |
|
| 245 | 1 | 0 |
_aCentauros / _cJosé Luis Majada Neila. |
| 260 |
_aMadrid : _bOrganización Nacioanal de Ciegos Españoles, Dirección General, Sección de Cultura, _c1987. |
||
| 300 |
_a84 p. : _bil. ; _c23 cm. |
||
| 852 |
_aES-MaACL _jC-52 |
||
| 852 |
_aES-MaACL _jC-53 |
||
| 999 |
_c123030 _d123030 |
||